| 000 | 00519nam a2200169Ia 4500 | ||
|---|---|---|---|
| 008 | 230917s9999||||xx |||||||||||||| ||und|| | ||
| 020 | _cRS2500 | ||
| 040 |
_e229876 _aMAIN |
||
| 041 | _aEnglish | ||
| 082 | _a958 H125S | ||
| 100 | _aHaidar, Mansura | ||
| 245 | 0 | _aSilk road: Trade, caravan serais, cultural exchanges and power games | |
| 260 |
_aNew Delhi _bIndira Gandhi National Centre For The Arts _c2014 |
||
| 300 | _axxxiii, 329 p. | ||
| 500 | _a2224 24/12/2015 HBD15/1482 18/01/2016 Main Budget | ||
| 942 | _cBK | ||
| 999 |
_c16991 _d16991 |
||